000 00716nam a2200181 a 4500
001 000256640
003 AM-YeHGA
005 20250618071725.0
008 030829s1976 ai 000 | arm d
040 _aAM-YeHGA
100 1 _aԱվագյան, Արևշատ Խոսրովի,
_d1940-
_9970
245 1 0 _aՆավը ուռկանի մեջ :
_b[Բանաստեղծություններ; Պոեմներ] /
_cԱ.Խ. Ավագյան; Խմբ.՝ Մ.Դ. Սարգսյան.
260 _aԵրևան :
_bՀայաստան,
_c1976.
300 _a258 էջ ;
_c14 սմ.
650 1 4 _aՀայ գրականություն
_xՊոեզիա
700 1 _aՍարգսյան, Մկրտիչ Դիվինի,
_d1924-2002
_eխմբ.
_4edt
_91063
090 _c93707
999 _c92408
_d92408